<?xml version="1.0" encoding="UTF-8"?>
<marc:record xmlns:marc="http://www.loc.gov/MARC21/slim">
   <marc:leader>00000nam a2200000 a 4500</marc:leader>
   <marc:datafield ind1="1" ind2=" " tag="100">
      <marc:subfield code="a">Lane, Andrew</marc:subfield>
      <marc:subfield code="4">aut</marc:subfield>
      <marc:subfield code="e">Verfasser/-in</marc:subfield>
   </marc:datafield>
   <marc:datafield ind1="0" ind2="0" tag="245">
      <marc:subfield code="a">Daheim lauert der Tod</marc:subfield>
   </marc:datafield>
   <marc:datafield ind1=" " ind2="1" tag="264">
      <marc:subfield code="b">Fischer FJB</marc:subfield>
      <marc:subfield code="c">2017</marc:subfield>
   </marc:datafield>
   <marc:datafield ind1="1" ind2=" " tag="490">
      <marc:subfield code="a">Young Sherlock Holmes</marc:subfield>
   </marc:datafield>
   <marc:datafield ind1="1" ind2=" " tag="520">
      <marc:subfield code="a">Sherlock Holmes' Mutter ist gestorben, sein Vater ist in Indien verschwunden und seine Schwester benimmt sich merkwürdig. Die Holmes-Familie scheint zu zerbrechen, und nicht einmal Mycroft kann das ändern. Als plötzlich ein Nachbar in seinem eigenen Haus verschwindet, steht der junge Sherlock vor einem neuen Rätsel. Wo ist er hin? Gibt es einen Zusammenhang zum Bau des Suezkanals in Ägypten?</marc:subfield>
   </marc:datafield>
   <marc:datafield ind1=" " ind2=" " tag="020">
      <marc:subfield code="a">9783596296224</marc:subfield>
      <marc:subfield code="9">9783596296224</marc:subfield>
   </marc:datafield>
</marc:record>
